Statistics for Harry Potter Horcruxes

Click here to take the quiz!

General Stats

  • This quiz has been taken 47 times
  • The average score is 6 of 7

Answer Stats

OwnerHorcrux% Correct
Tom RiddleDiary
98%
Helga HufflepuffCup
93%
No-oneHarry Potter
93%
VoldemortNagini
93%
Rowena RavenclawDiadem
88%
Marvolo GauntRing
88%
Salazar SlytherinLocket
86%

Score Distribution

Percentile by Number Answered

Percent of People with Each Score

Your Score History

You have not taken this quiz